000 00252nam a2200109Ia 4500
005 20251222121412.0
008 251222s1900||||xx |||||||||||||| ||spa||
082 _aDVD0070/V17/1954
245 0 _aMarcelino pan y vino
264 _bChamartín
942 _cDVD
999 _c2559
_d2559